Noticia extraordinaria : el Supremo Gobierno deeste Departamento acaba de recibir del General en gefe de la primera divisiondel ejército de operaciones sobre Tejas la communicación siguiente : ... que á pesar del pequeño descalabro que han sufrido mis subordinados, meacompañan descalabro que han sufrido mis subordinados, me acompañan fielesmas de quinientos hombres ...

Bibliographic Details
Corporate Author: Mexico. Ejército. Ejército de Operaciones sobre Tejas
Format: Microform Book
Language:Spanish
Published: Leona Vicario : Imprenta del goéierno [sic] de este Departamento, á cargo del C. Agustin Vela, 1835.
Series:Texas as province and republic, 1795-1845.
Subjects:

MARC

Tag First Indicator Second Indicator Subfields
LEADER 00000cam a22000005i 4500
001 in00001119607
005 20150930083055.0
007 hd afa010baca
008 900620s1835 xx a f000 0 spa d
035 |a (OCoLC)21889874 
035 |9 AFX4124AM 
040 |a RQE  |c RQE  |d TXA  |d UtOrBLW 
043 |a n-us-tx 
049 |a TXAI 
099 |a film  |a B  |a 1549  |a reel 13  |a no. 831 
110 1 |a Mexico.  |b Ejército.  |b Ejército de Operaciones sobre Tejas. 
245 1 0 |a Noticia extraordinaria :  |b el Supremo Gobierno deeste Departamento acaba de recibir del General en gefe de la primera divisiondel ejército de operaciones sobre Tejas la communicación siguiente : ... que á pesar del pequeño descalabro que han sufrido mis subordinados, meacompañan descalabro que han sufrido mis subordinados, me acompañan fielesmas de quinientos hombres ... 
264 1 |a Leona Vicario :  |b Imprenta del goéierno [sic] de este Departamento, á cargo del C. Agustin Vela,  |c 1835. 
300 |a 1 broadside ;  |c 31 x 21 cm. 
336 |a text  |b txt  |2 rdacontent 
337 |a microform  |b h  |2 rdamedia 
338 |a microfilm reel  |b hd  |2 rdacarrier 
500 |a Caption and part of text used as title. 
500 |a Dated and signed: Rio de la Laja diciembre 21 de 1835. Vicente Filisola. 
533 |a Microfilm.  |b Woodbridge, Ct. :  |c Research Publications, Inc.,  |d 1981.  |e 1 microfilm reel ; 35 mm.  |f (Texas as province and republic, 1795-1845 ; reel 13, no. 831). 
539 |a s  |b 1981  |d ctu  |e n 
500 |a Microform. 
651 0 |a Texas  |x History  |y Revolution, 1835-1836. 
830 0 |a Texas as province and republic, 1795-1845. 
999 |a MARS 
999 f f |s a5e96d42-10e0-3db6-858a-028e7154460c  |i 60097e61-627f-308e-8257-886e13a6fd46  |t 0 
952 f f |p default  |a Texas A&M University  |b College Station  |c Sterling C. Evans Library  |d Evans: Microforms (3rd floor)  |t 0  |e film B 1549 reel 13 no. 831  |h Other scheme  |i microform -- microfilm reel 
998 f f |a film B 1549 reel 13 no. 831  |t 0  |l Evans: Microforms (3rd floor)